مكتبة جامعة عجلون الوطنية

فهرس بحث المكتبة

اثر قدرات سلسلة التوريد في تعزيز الاسبقيات التنافسية في الشركات الصناعية الغذائية-الأردن = The Impact of Supply Chain Capabilities in Enhancing Compaetitive Priorities at Food Industrial Companies- Jordan (Record no. 33697)

MARC details
000 -LEADER
fixed length control field 01131nam a22002057a 4500
003 - CONTROL NUMBER IDENTIFIER
control field JO-AjAnu
005 - DATE AND TIME OF LATEST TRANSACTION
control field 20240921095514.0
008 - FIXED-LENGTH DATA ELEMENTS--GENERAL INFORMATION
fixed length control field 240918b jo ||||| |||| 00| 0 ara d
040 ## - CATALOGING SOURCE
Original cataloging agency JO-AjAnu
Language of cataloging ara
Transcribing agency JO-AjAnu
Description conventions rda
041 ## - LANGUAGE CODE
Language code of text/sound track or separate title ara
Language code of original ara
050 ## - LIBRARY OF CONGRESS CALL NUMBER
Classification number HD38.5
Item number 2024
100 #1 - MAIN ENTRY--PERSONAL NAME
Personal name الشريدة، مها نواف حمد
Relator term معد
9 (RLIN) 66228
245 #0 - TITLE STATEMENT
Title اثر قدرات سلسلة التوريد في تعزيز الاسبقيات التنافسية في الشركات الصناعية الغذائية-الأردن = The Impact of Supply Chain Capabilities in Enhancing Compaetitive Priorities at Food Industrial Companies- Jordan
Statement of responsibility, etc. / اعداد مها نواف حمد الشريدة ؛ اشراف محمد عبد حسين الطائي
260 ## - PUBLICATION, DISTRIBUTION, ETC.
Date of publication, distribution, etc. 2024
300 ## - PHYSICAL DESCRIPTION
Extent 129 ورقة
504 ## - BIBLIOGRAPHY, ETC. NOTE
Bibliography, etc. note رسالة جامعية(رسالة ماجستير في ادارة الاعمال)-(جامعة عجلون الوطنية) عجلون، الاردن، كلية الاعمال، 2024
650 70 - SUBJECT ADDED ENTRY--TOPICAL TERM
Topical term or geographic name entry element التوريدات-ادارة
9 (RLIN) 66231
700 #1 - ADDED ENTRY--PERSONAL NAME
Personal name الطائي، محمد عبد حسين
Relator term مشرف
9 (RLIN) 66089
942 ## - ADDED ENTRY ELEMENTS (KOHA)
Source of classification or shelving scheme Library of Congress Classification
Koha item type Thesis
Suppress in OPAC No
Holdings
Withdrawn status Lost status Source of classification or shelving scheme Damaged status Not for loan Home library Current library Date acquired Total Checkouts Full call number Barcode Date last seen Price effective from Koha item type
    Library of Congress Classification     مكتبة جامعة عجلون الوطنية مكتبة جامعة عجلون الوطنية 18/09/2024   HD38.5 2024 a30058 18/09/2024 18/09/2024 Thesis
    Library of Congress Classification     مكتبة جامعة عجلون الوطنية مكتبة جامعة عجلون الوطنية 18/09/2024   HD38.5 2024 a30059 18/09/2024 18/09/2024 Thesis